01058nam a2200301Ia 4500001000700000003000500007008004100012010001100053020001800064040000900082082001100091100003100102245015600133250001100289260003900300300001100339440004900350650008100399650002200480901001100502902000600513910000900519942000600528942000700534999001900541952009800560952009800658Z_5150CHAP220113s1985 xx 000 0 und d a168209 a968-24-1045-2 cCHAP a547 R5 aRivas Ramos, Javier997574 aExperimentos de química parte 3 : fisicoquímica y análisis químico /cpor Javier Rivas Ramos, Fidel Villaarreal González y Daniel Butruille a2a ed. aMéxico, D. F. :bTrillas,c1985 a209 p. aTemas básicos: área de química9142481 aFisicoquímica I. Villarreal González, Fidel II. Daniel Butruille9142482 aQuímica 993552 a547 R5 aM a1985 c1 cc1 c168209d168209 00102ddc40708GRALaZbZc1d2005-11-09pz_4940r2022-01-18 00:00:00t1w2022-01-18yLIBRO 00102ddc40708GRALaZbZc1d2005-11-09pz_4941r2022-01-18 00:00:00t2w2022-01-18yLIBRO